| 000 | 01012nam a22003137a 4500 | ||
|---|---|---|---|
| 003 | CHAP | ||
| 005 | 20220329143521.0 | ||
| 008 | 100324s1980 es r 00010 spa d | ||
| 010 | _a97870 | ||
| 011 | _a98842 | ||
| 020 | _a8431570660 | ||
| 035 | _a109527 | ||
| 040 | _cCHAP | ||
| 082 | 0 | 4 |
_a615.321 _bIz9 |
| 100 | 1 |
_aIzzo, Marilede _960770 |
|
| 245 | 1 | 0 |
_aInfusiones y tisanas curativas con plantas y hierbas medicinales _c/ por Marilede Izzo |
| 260 |
_aBarcelona : _bVacchi, _c1979 |
||
| 300 | _a118 p. | ||
| 590 |
_aBATCH-UPD _b10 _c20130110 _lUCH01 _h1136 |
||
| 590 |
_aBATCH-UPD _b10 _c20130410 _lUCH01 _h0723 |
||
| 590 |
_aBATCH-UPD _b10 _c20130914 _lUCH01 _h0742 |
||
| 590 |
_aCONVERSION _b10 _c20130109 _lUCH01 _h1354 |
||
| 650 | 1 | 4 |
_aBotánica médica. _914680 |
| 650 | 1 | 4 |
_aMedicina tradicional. _973921 |
| 901 | _aBK | ||
| 942 | _cLIBRO | ||
| 949 |
_a615.321 Iz9 _bBC _cLIBRO _d33724002163678 _eLIBRO _h112033 _i109527 _sb |
||
| 949 |
_a615.321 Iz9 _bBC _cLIBRO _d33724002175256 _eLIBRO _fc.2 _h112708 _i109527 _sb |
||
| 999 |
_c97870 _d97870 |
||